Cái đẹp trong thơ kháng chiến Việt Nam 1945 - 1975
Sách ngoài phần chuyên luận còn có phần thơ tuyển gồm gần 200 bài thơ của tác giả thơ kháng chiến và đôi dòng về các tác giả này.
محفوظ في:
| المؤلف الرئيسي: | |
|---|---|
| التنسيق: | كتاب |
| اللغة: | Undetermined |
| منشور في: |
Hà Nội
Giáo Dục
2000
|
| الموضوعات: | |
| الوسوم: |
إضافة وسم
لا توجد وسوم, كن أول من يضع وسما على هذه التسجيلة!
|
| Thư viện lưu trữ: | Trung tâm Học liệu Trường Đại học Cần Thơ |
|---|
| LEADER | 00893nam a2200241Ia 4500 | ||
|---|---|---|---|
| 001 | CTU_39543 | ||
| 008 | 210402s9999 xx 000 0 und d | ||
| 020 | |b 44.000đ | ||
| 020 | |c 44000 | ||
| 082 | |a 808.1 | ||
| 082 | |b Th455 | ||
| 100 | |a Vũ, Duy Thông | ||
| 245 | 0 | |a Cái đẹp trong thơ kháng chiến Việt Nam 1945 - 1975 | |
| 245 | 0 | |c Vũ Duy Thông | |
| 260 | |a Hà Nội | ||
| 260 | |b Giáo Dục | ||
| 260 | |c 2000 | ||
| 520 | |a Sách ngoài phần chuyên luận còn có phần thơ tuyển gồm gần 200 bài thơ của tác giả thơ kháng chiến và đôi dòng về các tác giả này. | ||
| 650 | |a Vietnamese literature,Vietnamese poetry | ||
| 650 | |x Collections,History and criticism | ||
| 650 | |y 20th century,20th century | ||
| 904 | |i Minh | ||
| 980 | |a Trung tâm Học liệu Trường Đại học Cần Thơ | ||